Flags of Every First Level Subdivision M-S - Statistics

General Stats
  • This quiz has been taken 19 times
  • The average score is 46 of 497
Answer Stats
Picture Hint Answer % Correct
Niue
79%
Azores
71%
Disputed Crimea
64%
Friesland
64%
Kūki Airani / Cook Islands
64%
Madeira
64%
Chechnya
57%
Disputed Donetsk People's Republic
57%
Moscow
57%
Tokelau
57%
Cusco
50%
Jewish Autonomous Oblast
50%
Sakhalin Oblast
50%
Adygea
43%
Dagestan
43%
Găgăuzia
43%
Kalmykia
43%
Karelia
43%
Disputed Luhansk People's Republic
43%
North Ossetia–Alania
43%
Sakha
43%
Balochistan
36%
Buryatia
36%
Ingushetia
36%
Irkutsk Oblast
36%
Kaliningrad Oblast
36%
Lisbon
36%
Moscow Oblast
36%
Saint Petersburg
36%
Sindh
36%
Tatarstan
36%
Altai Republic
29%
Azad Jammu and Kashmir
29%
Bashkortostan
29%
Chuvashia
29%
Drenthe
29%
Flevoland
29%
Groningen
29%
Komi Republic
29%
Noord Brabant
29%
Noord Holland
29%
Omsk Oblast
29%
Overijssel
29%
Perm Krai
29%
Primorsky Krai
29%
Punjab
29%
San Marino
29%
Tuva
29%
Udmurtia
29%
Zeeland
29%
Amur Oblast
21%
Asunción / Distrito Capital
21%
Beja
21%
Braga
21%
Bragança
21%
Bucharest
21%
Castelo Branco
21%
Coimbra
21%
Dornod
21%
Évora
21%
Faro
21%
Guarda
21%
Guna Yala
21%
Kamchatka Krai
21%
Khakassia
21%
Krasnodar Krai
21%
Leningrad Oblast
21%
Limburg
21%
Mari El
21%
Mon
21%
Mordovia
21%
Murmansk Oblast
21%
Nenets Autonomous Okrug
21%
Oslo
21%
Penza Oblast
21%
Podgorica
21%
Portalegre
21%
Porto
21%
Rostov Oblast
21%
Santarém
21%
Setúbal
21%
Disputed Sevastopol
21%
Stavropol Krai
21%
Tula Oblast
21%
Ulyanovsk Oblast
21%
Utrecht
21%
Viana do Castelo
21%
Volgograd Oblast
21%
Yamalo-Nenets Autonomous Okrug
21%
Abia
14%
Adamawa
14%
Agder
14%
Akershus
14%
Altai Krai
14%
Amambay
14%
Arkhangelsk Oblast
14%
Astrakhan Oblast
14%
Belgorod Oblast
14%
Bryansk Oblast
14%
Buskerud
14%
Chelyabinsk Oblast
14%
Chișinău
14%
Chukotka Autonomous Okrug
14%
Federal Capital Territory
14%
Finnmark
14%
Gelderland
14%
Ivanovo Oblast
14%
Kabardino-Balkaria
14%
Kaluga Oblast
14%
Karachay-Cherkessia
14%
Kemerovo Oblast
14%
Khabarovsk Krai
14%
Khanty–Mansi Autonomous Okrug – Yugra
14%
Khyber
14%
Kirov Oblast
14%
Kostroma Oblast
14%
Krasnoyarsk Krai
14%
Kurgan Oblast
14%
Kursk Oblast
14%
Lima
14%
Lipetsk Oblast
14%
Łódź
14%
Magadan Oblast
14%
Managua
14%
Møre og Romsdal
14%
Naypyidaw
14%
Nizhny Novgorod Oblast
14%
Nordland
14%
Novgorod Oblast
14%
Novosibirsk Oblast
14%
Orenburg Oblast
14%
Oryol Oblast
14%
Príncipe
14%
Pskov Oblast
14%
Rogaland
14%
Ryazan Oblast
14%
Samara Oblast
14%
Saratov Oblast
14%
Smolensk Oblast
14%
Sverdlovsk Oblast
14%
Tambov Oblast
14%
Telemark
14%
Troms
14%
Trööndelage / Trøndelag
14%
Tver Oblast
14%
Tyumen Oblast
14%
Ulaanbaatar
14%
Vestfold
14%
Vila Real
14%
Vladimir Oblast
14%
Vologda Oblast
14%
Voronezh Oblast
14%
Yaroslavl Oblast
14%
Zabaykalsky Krai
14%
Zuid Holland
14%
Acquaviva
7%
Aimeliik
7%
Akwa Ibom
7%
Alto Paraguay
7%
Alto Paraná
7%
Amazonas
7%
Ancash
7%
Apurímac
7%
Arequipa
7%
Aveira
7%
Ayacucho
7%
Ayeyarwady
7%
Bangsamoro
7%
Bar
7%
Bayan-Ölgii
7%
Boaco
7%
Bocas del Toro
7%
Boquerón
7%
Caaguazú
7%
Caazapá
7%
Cajamarca
7%
Callao
7%
Canindeyú
7%
Carazo
7%
Central
7%
Chinandega
7%
Chiriquí
7%
Chontales
7%
Coclé
7%
Colón
7%
Concepción
7%
Cordillera
7%
Danilovgrad
7%
Darién
7%
Dojran
7%
Dolneni
7%
Enugu
7%
Estelí
7%
Gevgelija
7%
Govi-Altai
7%
Granada
7%
Greater Poland
7%
Guairá
7%
Hatohobei
7%
Herrera
7%
Huancavelica
7%
Huánuco
7%
Ica
7%
Jinotega
7%
Junín
7%
Kano
7%
Disputed Kherson Oblast
7%
Koror
7%
Kuyavia-Pomerania
7%
La Libertad
7%
Lambayeque
7%
Left Bank of the Dniester
7%
Leira
7%
León
7%
Lesser Poland
7%
Loreto
7%
Los Santos
7%
Lower Silesia
7%
Madre de Dios
7%
Madriz
7%
Maputo
7%
Masaya
7%
Masovia
7%
Matagalpa
7%
Melekeok
7%
Misiones
7%
Moquegua
7%
Ñeembucú
7%
Ngatpang
7%
Ngiwal
7%
Niger
7%
North Caribbean Coast Autonomous Region
7%
Nueva Segovia
7%
Opole
7%
Østfold
7%
Osun
7%
Panamá Oeste
7%
Paraguarí
7%
Pasco
7%
Piura
7%
Presidente Hayes
7%
Puno
7%
Rakhine
7%
Rivas
7%
San Martín
7%
San Pedro
7%
Šavnik
7%
Serravalle
7%
Shan
7%
Silesia
7%
Sonsorol
7%
South Caribbean Coast Autonomous Region
7%
Struga
7%
Subcarpathia
7%
Świętokrzyskie
7%
Tacna
7%
Tomsk Oblast
7%
Töv
7%
Tumbes
7%
Ucayali
7%
Veles
7%
Veraguas
7%
Viseau
7%
Warmia-Masuria
7%
West Pomerania
7%
Yangon
7%
Yobe
7%
Disputed Zaporozhye Oblast
7%
Zelenikovo
7%
Aerodrom
0%
Água Grande
0%
Airai
0%
Alba
0%
Anambra
0%
Andrijevica
0%
Anenii Noi
0%
Angaur
0%
Aračinovo
0%
Arad
0%
Arkhangai
0%
Bago
0%
Bălți
0%
Basarabeasca
0%
Bayankhongor
0%
Bayelsa
0%
Béni Mellal-Khénifra
0%
Benue
0%
Berane
0%
Berovo
0%
Bihor
0%
Bijelo Polje
0%
Bitola
0%
Bogdanci
0%
Bogovinje
0%
Borgo Maggiore
0%
Borno
0%
Bosilovo
0%
Briceni
0%
Brvenica
0%
Budva
0%
Bulgan
0%
Butel
0%
Cahul
0%
Čair
0%
Călărași
0%
Cantemir
0%
Caraș-Severin
0%
Casablanca-Settat
0%
Čaška
0%
Căușeni
0%
Centar
0%
Centar Župa
0%
Češinovo-Obleševo
0%
Cetinje
0%
Chiesanuova
0%
Chin
0%
Cimișlia
0%
Cordillera
0%
Covasna
0%
Criuleni
0%
Cross River
0%
Čučer-Sandevo
0%
Dakhla-Oued Ed-Dahab
0%
Danu
0%
Darkhan-Uul
0%
Debar
0%
Debarca
0%
Delčevo
0%
Delta
0%
Demir Hisar
0%
Demir Kapija
0%
Domagnano
0%
Dondușeni
0%
Dornogovi
0%
Drochia
0%
Dubăsari
0%
Dundgobi
0%
Ebonyi
0%
Edineț
0%
Edo
0%
Èkìtì
0%
Faetano
0%
Fălești
0%
Fiorentino
0%
Florești
0%
Gazi Baba
0%
Giurgiu
0%
Glodeni
0%
Gombe
0%
Gostivar
0%
Govisümber
0%
Gradsko
0%
Gusinje
0%
Harghita
0%
Herceg Novi
0%
Hîncești
0%
Ialomița
0%
Ialoveni
0%
Illinden
0%
Imo
0%
Itapúa
0%
Jegunovce
0%
Jigawa
0%
Kachin
0%
Kaduna
0%
Karbinci
0%
Karpoš
0%
Kavadarci
0%
Kayah
0%
Kayangel
0%
Kayin
0%
Khentii
0%
Khovd
0%
Khövsgöl
0%
Kičevo
0%
Kisela Voda
0%
Kočani
0%
Kogi
0%
Kokang
0%
Kolašin
0%
Konče
0%
Kotor
0%
Kratovo
0%
Kriva Palanka
0%
Krivogaštani
0%
Kruševo
0%
Kumanovo
0%
Kunene
0%
Kwara
0%
Lagos
0%
Leova
0%
Lipkovo
0%
Lobata
0%
Lozovo
0%
Lublin
0%
Lubusz
0%
Magway
0%
Makedonska Kamenica
0%
Makedonski Brod
0%
Mandalay
0%
Maramureș
0%
Mavrovo i Rostuše
0%
Mé-Zóchi
0%
Mogila
0%
Mojkovac
0%
Montegiardino
0%
Murihiku / Southland
0%
Naga
0%
Nasarawa
0%
Naso Tjër-Di
0%
Negotino
0%
Ngäbe-Buglé
0%
Ngaraard
0%
Ngarchelong
0%
Ngardmau
0%
Ngchesar
0%
Ngeremlengui
0%
Nikšić
0%
Nisporeni
0%
Novaci
0%
Novo Selo
0%
Ocnița
0%
Ogun
0%
Ohrid
0%
Ömnögovi
0%
Ondo
0%
Ǵorče Petrov
0%
Orhei
0%
Orkhon
0%
Ōtākou / Otaga
0%
Övörkhangai
0%
Oyo
0%
Pa Laung
0%
Pa'O
0%
Pehčevo
0%
Peleliu
0%
Petnjica
0%
Petrovec
0%
Plasnica
0%
Plateau
0%
Plav
0%
Pljevlja
0%
Plužine
0%
Podlaskie
0%
Pomerania
0%
Prilep
0%
Probištip
0%
Radoviš
0%
Rankovce
0%
Resen
0%
Rezina
0%
Rîșcani
0%
Rivers
0%
Rosoman
0%
Rožaje
0%
Sagaing
0%
Saraj
0%
Selenge
0%
Sîngerei
0%
Sokoto
0%
Șoldănești
0%
Sopište
0%
Soroca
0%
Staro Nagoričane
0%
Ștefan Vodă
0%
Štip
0%
Strășeni
0%
Strumica
0%
Studeničani
0%
Sükhbaatar
0%
Šuto Orizari
0%
Sveti Nikole
0%
Tanintharyi
0%
Taraclia
0%
Tearce
0%
Telenești
0%
Te Moana-a-Toi / Bay of Plenty
0%
Te Tai-o-Aorere / Tasman
0%
Tetovo
0%
Tighina
0%
Tivat
0%
Tuzi
0%
Ulcing
0%
Ungheni
0%
Uvs
0%
Valandovo
0%
Vasilevo
0%
Vevčani
0%
Vinica
0%
Vrapčište
0%
Waikato
0%
Waitaha / Canterbury
0%
Žabljak
0%
Zamfara
0%
Zavkhan
0%
Želino
0%
Zrnovci
0%
No matching quizzes found
Score Distribution
Percent of People with Each Score
Percentile by Number Answered
Your Score History
You have not taken this quiz